Statystyki dla kody lotnisk pizg

Kliknij tutaj aby rozwiązać quiz!

Ogólne statystyki

  • Ten quiz został rozwiązany 43 razy
  • Średni wynik to 28 z 53

Statystyki odpowiedzi

HintOdpowiedź% Poprawnych
warszawa okęcieWAW
97%
Kraków BaliceKRK
91%
Poznan ławicaPOZ
88%
rzeszów jasionkaRZE
88%
wrocław starachowiceWRO
88%
Gdansk rebiechowoGDN
81%
Katowice pyrzowiceKTW
78%
MadrytMAD
78%
franfurktFRA
75%
warszawa modlinWMI
72%
Paryż Charles de GaulleCDG
66%
londyn HeathrowLHR
66%
RodosRHO
66%
londyn stanstedSTN
66%
istambułIST
63%
Nowy JorkJFK
63%
Olsztyn SzymanySZY
63%
barcelonaBCN
59%
AtenyATH
56%
bangkokBKK
56%
dubajDXB
56%
londyn gatwickLGW
56%
szczecin goleniowSZZ
56%
AntalyaAYT
53%
Rzym fiumicinoFCO
53%
mediolan malpensaMXP
53%
Kreta HeraklionHER
50%
NeapolNAP
50%
AlicanteALC
47%
FuertaventuraFUE
47%
zielona góra babimostIEG
47%
korfuCFU
44%
ibizaIBZ
44%
łódź lublinekLCJ
44%
Las Palmas de Gran CanariaLPA
44%
Lublin ŚwidnikLUZ
44%
paryz orlyORY
44%
bydgoszcz szwederewoBZG
41%
HurghadaHRG
41%
KataniaCTA
38%
malagaAGP
34%
Kreta ChaniaCHQ
34%
majorkaPMI
34%
wenecjaVCE
34%
AgadirAGA
31%
Sharm El SheikhSSH
31%
TeneryfaTFN
31%
PalermoPMO
28%
DjerbaDJB
22%
PhuketHKT
22%
MonastirMIR
22%
berlin schonfeldSXF
22%
berlin tegelTXL
22%

Rozkład punktacji

Percentyl według liczby udzielonych odpowiedzi

Procent ludzi z każdym wynikiem

Twoja historia wyników

Nie rozwiązałeś tego quizu